[Event "Rilton Cup 47th"]
[Site "Stockholm"]
[Date "2018.01.03"]
[Round "7"]
[White "Pein, Jonathan"]
[Black "Hallman, Valo"]
[Result "1/2-1/2"]
[WhiteElo "2165"]
[BlackElo "2252"]
[PlyCount "47"]
[EventDate "2017.12.27"]
[EventType "swiss"]
[EventRounds "9"]
[EventCountry "SWE"]
[SourceTitle "CBM 182 Extra"]
[Source "ChessBase"]
[SourceDate "2018.02.23"]
[SourceVersion "1"]
[SourceVersionDate "2018.02.23"]
[SourceQuality "1"]

1. b3 e5 2. Bb2 Nc6 3. e3 Nf6 4. Bb5 e4 5. d3 exd3 6. Bxd3 d6 7. a3 Ne5 8. Be2 Be7 9. Nf3 Nfd7 10. Nc3 Nxf3+ 11. gxf3 Bf6 12. Qd2 Nc5 13. 0-0-0 Be6 14. Kb1 0-0 15. e4 Bg5 16. f4 Bh6 17. h4 Kh8 18. Qe3 Bd7 19. Rdg1 Ne6 20. Rg4 Nc5 21. Rg2 Ne6 22. Rg4 Nc5 23. Rg2 Ne6 24. Rg4 1/2-1/2

[Event "Rilton Cup 47th"]
[Site "Stockholm"]
[Date "2017.12.28"]
[Round "2"]
[White "Ivanov, Sergey"]
[Black "Hallman, Valo"]
[Result "1-0"]
[WhiteElo "2540"]
[BlackElo "2252"]
[PlyCount "59"]
[EventDate "2017.12.27"]
[EventType "swiss"]
[EventRounds "9"]
[EventCountry "SWE"]
[SourceTitle "CBM 182 Extra"]
[Source "ChessBase"]
[SourceDate "2018.02.23"]
[SourceVersion "1"]
[SourceVersionDate "2018.02.23"]
[SourceQuality "1"]

1. d4 d5 2. Nf3 Nf6 3. c4 e6 4. Nc3 Be7 5. Bg5 h6 6. Bh4 0-0 7. e3 b6 8. Be2 Bb7 9. Bxf6 Bxf6 10. cxd5 exd5 11. b4 c6 12. 0-0 a5 13. b5 c5 14. Ne5 cxd4 15. exd4 Bxe5 16. dxe5 d4 17. Na4 Qg5 18. Bg4 Qxe5 19. Nxb6 Ra7 20. Rc1 Rd8 21. a4 Qf6 22. Nc4 Bd5 23. Qd2 d3 24. Qe3 Rc7 25. Nxa5 Re7 26. Qxd3 Ra7 27. Rfd1 Rxa5 28. Bf3 Rxa4 29. Bxd5 Rf8 30. g3 1-0

[Event "Rilton Cup 47th"]
[Site "Stockholm"]
[Date "2017.12.27"]
[Round "1"]
[White "Hallman, Valo"]
[Black "Salomon, Johan"]
[Result "1/2-1/2"]
[WhiteElo "2252"]
[BlackElo "2475"]
[PlyCount "190"]
[EventDate "2017.12.27"]
[EventType "swiss"]
[EventRounds "9"]
[EventCountry "SWE"]
[SourceTitle "CBM 182 Extra"]
[Source "ChessBase"]
[SourceDate "2018.02.23"]
[SourceVersion "1"]
[SourceVersionDate "2018.02.23"]
[SourceQuality "1"]

1. c4 e5 2. Nc3 Nf6 3. g3 Bb4 4. Bg2 0-0 5. Nf3 Re8 6. 0-0 e4 7. Nd4 Bxc3 8. dxc3 d6 9. h3 Nbd7 10. b3 h6 11. Be3 Ne5 12. Qd2 Qe7 13. Rad1 a6 14. Kh2 Bd7 15. a4 Ng6 16. Nc2 Be6 17. Nd4 Bc8 18. Nc2 Ne5 19. Bd4 Bf5 20. Ne3 Bg6 21. Nd5 Nxd5 22. cxd5 a5 23. c4 Nd7 24. Qc3 f6 25. f4 f5 26. Rd2 h5 27. Rfd1 Kh7 28. Qc2 Ra6 29. e3 Nc5 30. Bf1 Rb6 31. Bxc5 dxc5 32. h4 Qf6 33. Kg1 Rd8 34. Kf2 Rdd6 35. Be2 Rb4 36. Rb1 Rdb6 37. Rdd1 Be8 38. Kf1 Rd6 39. Kf2 Bf7 40. Rd2 Rdb6 41. Rdd1 Kg8 42. Kf1 Be8 43. Kf2 Qg6 44. Bf1 Bd7 45. Be2 Qe8 46. Kf1 Kf8 47. Kf2 Qg6 48. Bf1 Be8 49. Be2 Qf6 50. Kf1 Ke7 51. Kf2 Kd8 52. Kf1 Kc8 53. Kf2 Kb8 54. Kf1 Ka7 55. Kf2 Rd6 56. Rd2 Qd8 57. Ke1 Kb8 58. Rdd1 Qf6 59. Kf2 Rbb6 60. Rd2 Ka7 61. Rbd1 Rd7 62. Kf1 Rbd6 63. Kf2 Bf7 64. Bf1 Ka6 65. Be2 Qg6 66. Qc3 Qf6 67. Qc2 Be8 68. Bf1 Qd8 69. Ke1 Rb6 70. Be2 Rdd6 71. Rb1 Qf6 72. Rdd1 Ka7 73. Kf2 Rb4 74. Kf1 Qg6 75. Kf2 Rdb6 76. Bf1 Qf6 77. Be2 g6 78. Kf1 Bd7 79. Kf2 Kb8 80. Kf1 Qh8 81. Kf2 Kc8 82. Kf1 Qf8 83. Kf2 Qe8 84. Kf1 Rd6 85. Rd2 Kb8 86. Kf2 Ka7 87. Ke1 Ka6 88. Bf1 Qb8 89. Be2 Qa7 90. Rb2 Rdb6 91. Qc3 Qb8 92. Kd1 Qe8 93. Kc1 Qf8 94. Bd1 Rd6 95. Be2 Ka7 1/2-1/2

[Event "Heart of Finland op 27th"]
[Site "Jyvaskyla"]
[Date "2017.07.20"]
[Round "5"]
[White "Hallman, Valo"]
[Black "Franco Alonso, Alejandro"]
[Result "1/2-1/2"]
[WhiteElo "2260"]
[BlackElo "2436"]
[PlyCount "24"]
[EventDate "2017.07.17"]
[EventType "swiss"]
[EventRounds "9"]
[EventCountry "FIN"]
[SourceTitle "CBM 179 Extra"]
[Source "ChessBase"]
[SourceDate "2017.08.23"]
[SourceVersion "1"]
[SourceVersionDate "2017.08.23"]
[SourceQuality "1"]

1. d4 Nf6 2. c4 e6 3. Nf3 b6 4. g3 Ba6 5. b3 b5 6. cxb5 Bxb5 7. Bg2 d5 8. 0-0 Nbd7 9. Nc3 Ba6 10. Na4 Bb5 11. Nc3 Ba6 12. Na4 Bb5 1/2-1/2

[Event "Rilton Cup 46th"]
[Site "Stockholm"]
[Date "2016.12.28"]
[Round "2"]
[White "Hallman, Valo"]
[Black "Salomon, Johan"]
[Result "1/2-1/2"]
[WhiteElo "2098"]
[BlackElo "2470"]
[PlyCount "174"]
[EventDate "2016.12.27"]
[EventType "swiss"]
[EventRounds "9"]
[EventCountry "SWE"]
[SourceTitle "CBM 176 Extra"]
[Source "ChessBase"]
[SourceDate "2017.03.02"]
[SourceVersion "1"]
[SourceVersionDate "2017.03.02"]
[SourceQuality "1"]

1. d4 Nf6 2. Nf3 c5 3. d5 b5 4. Bg5 Qb6 5. Bxf6 Qxf6 6. c3 g6 7. e4 Qb6 8. Nbd2 Bg7 9. a4 b4 10. Nc4 Qd8 11. Qd2 bxc3 12. bxc3 d6 13. Be2 0-0 14. 0-0 Nd7 15. Rfd1 Qc7 16. Qc2 Nf6 17. Nfd2 Rb8 18. Nf1 Bd7 19. Nfe3 Rfd8 20. f4 Be8 21. g4 Nd7 22. h4 Nb6 23. h5 Nxc4 24. Nxc4 e6 25. hxg6 hxg6 26. Ne3 Qe7 27. dxe6 fxe6 28. Bc4 Bf7 29. g5 Rb7 30. Kh1 Qe8 31. Bb5 Qe7 32. Bc4 Qc7 33. Ba6 Rbb8 34. Bc4 Qc6 35. Bf1 d5 36. Bg2 dxe4 37. Bxe4 Qc7 38. Ng2 Qa5 39. Rxd8+ Rxd8 40. Rc1 Be8 41. Bxg6 Qxa4 42. Bxe8 Qxc2 43. Rxc2 Rxe8 44. Ra2 Ra8 45. Ra3 Kf7 46. Ne3 a6 47. Kg2 Kg6 48. Kf3 a5 49. Nc4 a4 50. Nb6 Ra6 51. Nxa4 c4 52. Ke4 Ra5 53. Ra2 Kf7 54. Ra3 Ke8 55. Ra2 Ke7 56. Ra1 Kf7 57. Ra2 Kg6 58. Ra1 Kf7 59. Ra2 Ke7 60. Ra1 Bxc3 61. Rc1 Bb4 62. Nb2 c3 63. Nd3 Ra4 64. Nxb4 Rxb4+ 65. Kd3 Rxf4 66. Kxc3 Rg4 67. Kd3 Kd6 68. Ra1 Rxg5 69. Ra6+ Ke7 70. Ke4 Kf6 71. Kf4 Rh5 72. Rb6 Rh4+ 73. Ke3 Kf5 74. Rb5+ e5 75. Rb8 Rh3+ 76. Ke2 Kf4 77. Rf8+ Ke4 78. Ra8 Rh2+ 79. Ke1 Kf4 80. Ra4+ e4 81. Ra3 Rb2 82. Rc3 Ra2 83. Rb3 Ke5 84. Rh3 Kd4 85. Rg3 Ra1+ 86. Ke2 Kc4 87. Rg8 Ra2+ 1/2-1/2

[Event "EU-ch U16 26th"]
[Site "Prague"]
[Date "2016.08.19"]
[Round "2"]
[White "Fakhrutdinov, Timur"]
[Black "Hallman, Valo"]
[Result "1-0"]
[WhiteElo "2375"]
[BlackElo "2187"]
[PlyCount "87"]
[EventDate "2016.08.18"]
[EventType "swiss"]
[EventRounds "9"]
[EventCountry "CZE"]
[SourceTitle "CBM 174 Extra"]
[Source "ChessBase"]
[SourceDate "2016.10.10"]
[SourceVersion "1"]
[SourceVersionDate "2016.10.10"]
[SourceQuality "1"]

1. e4 e5 2. Nf3 Nc6 3. Bb5 g6 4. 0-0 Bg7 5. c3 a6 6. Ba4 d6 7. d4 Bd7 8. Be3 b5 9. Bb3 Nf6 10. dxe5 Nxe5 11. Nxe5 dxe5 12. f4 Be6 13. Bxe6 fxe6 14. Qf3 exf4 15. Bxf4 0-0 16. Bg5 Qe8 17. Nd2 c5 18. Qe3 Qc6 19. Bxf6 Bxf6 20. e5 Bg7 21. Ne4 Bxe5 22. Nxc5 Qd6 23. g3 Rxf1+ 24. Rxf1 b4 25. Re1 Bg7 26. Nxe6 Re8 27. Qe4 bxc3 28. Qc4 Rxe6 29. Rxe6 Qd4+ 30. Qxd4 Bxd4+ 31. Kf1 cxb2 32. Re8+ Kf7 33. Rb8 a5 34. a4 Ke6 35. Ke2 Kf5 36. Kd3 Be5 37. Rb5 Kg4 38. Kc2 Bd4 39. Rxa5 Kh3 40. Rd5 Be3 41. Rd3 Bc5 42. Rd2 Bb4 43. Rd4 Be7 44. Rd7 1-0

[Event "Heart of Finland op 26th"]
[Site "Jyvaskyla"]
[Date "2016.07.20"]
[Round "4"]
[White "Hallman, Valo"]
[Black "Rantanen, Yrjo A"]
[Result "1/2-1/2"]
[WhiteElo "2171"]
[BlackElo "2300"]
[PlyCount "68"]
[EventDate "2016.07.18"]
[EventType "swiss"]
[EventRounds "9"]
[EventCountry "FIN"]
[SourceTitle "CBM 173 Extra"]
[Source "ChessBase"]
[SourceDate "2016.08.29"]
[SourceVersion "1"]
[SourceVersionDate "2016.08.29"]
[SourceQuality "1"]

1. d4 Nf6 2. Nf3 e6 3. c4 b6 4. g3 Bb7 5. Bg2 c5 6. 0-0 cxd4 7. Qxd4 d6 8. Nc3 a6 9. Rd1 Nbd7 10. b3 Qc7 11. Bb2 Be7 12. Rac1 0-0 13. Ng5 Bxg2 14. Kxg2 Rfd8 15. f3 Qb7 16. Nge4 Nc5 17. b4 Ncxe4 18. Nxe4 d5 19. cxd5 Rxd5 20. Qc3 Rxd1 21. Rxd1 Rc8 22. Nxf6+ Bxf6 23. Qd2 Be7 24. Qd4 Bf8 25. a3 b5 26. Kf1 Rc2 27. Rd2 Rxd2 28. Qxd2 f6 29. Bd4 Kf7 30. Qd3 Qd5 31. Qc3 Bd6 32. Kf2 Ke7 33. Be3 Kd7 34. Qd4 Qxd4 1/2-1/2

[Event "Helsinki We EtVaS A"]
[Site "Helsinki"]
[Date "2016.05.29"]
[Round "5.5"]
[White "Hallman, Valo"]
[Black "Joentakanen, Kullervo"]
[Result "1-0"]
[WhiteElo "2155"]
[BlackElo "2167"]
[PlyCount "73"]
[EventDate "2016.05.27"]
[EventType "swiss"]
[EventRounds "5"]
[EventCountry "FIN"]
[SourceTitle "EXT 2022"]
[Source "ChessBase"]
[SourceDate "2021.10.06"]
[SourceVersion "1"]
[SourceVersionDate "2021.10.06"]
[SourceQuality "1"]

1. c4 c6 2. d4 d5 3. Nf3 Nf6 4. Nc3 dxc4 5. e4 b5 6. e5 Nd5 7. a4 Nxc3 8. bxc3 e6 9. Bg5 Qd7 10. Be2 Bb7 11. 0-0 Na6 12. Nd2 Nc7 13. Ne4 Nd5 14. Qc1 a6 15. f4 Rc8 16. Bg4 g6 17. Bf6 Rg8 18. Qe1 c5 19. axb5 axb5 20. Ra7 cxd4 21. cxd4 Qc6 22. Bh4 Kd7 23. Bf3 Rg7 24. Qa5 Rc7 25. Rb1 b4 26. Nf6+ Kc8 27. Rxb7 Qxb7 28. Nxd5 exd5 29. Bxd5 Qa7 30. Qb5 Rd7 31. Qxc4+ Bc5 32. dxc5 Rc7 33. Bf2 Rg8 34. e6 f5 35. c6 Qa5 36. e7 Kb8 37. Rxb4+ 1-0